Desarrollo, innovación y tecnología en los países de la alianza del Pacífico /

Bibliographic Details
Other Authors: Ulloa Rubio, Bertha (Editor)
Format: Electronic eBook
Language:Spanish
Published: Bogotá : Lima, Perú : Editorial Uniagustiniana ; Fondo Editorial Universidad César Vallejo, [2021]
Edition:Primera edición digital.
Subjects:
Online Access:Digitalia Hispánica

MARC

LEADER 00000nam a2200000Ii 4500
001 DIGUAGANA0023
003 NyNyDIG
006 m o d
007 cr |||||||||||
008 250303s2021 ck a ob 000 0 spa d
035 |a (OCoLC)1475658000 
040 |a DGITA  |b eng  |e rda  |e pn  |c DGITA 
020 |a 9786124435553  |q (digital) 
041 0 |a spa  |b spa  |b eng 
043 |a cl----- 
050 1 4 |a HC130.T4 ebook 
245 0 0 |a Desarrollo, innovación y tecnología en los países de la alianza del Pacífico /  |c Bertha Ulloa Rubio [and 3 others]. 
250 |a Primera edición digital. 
264 1 |a Bogotá :  |b Editorial Uniagustiniana ;  |a Lima, Perú :  |b Fondo Editorial Universidad César Vallejo,  |c [2021] 
300 |a 1 online resource :  |b illustrations. 
336 |a text  |b txt  |2 rdacontent 
337 |a computer  |b c  |2 rdamedia 
338 |a online resource  |b cr  |2 rdacarrier 
347 |a text file  |2 rdaft 
347 |b PDF 
504 |a Includes bibliographical references. 
546 |a Text in Spanish with abstract in Spanish and English in each chapter. 
588 0 |a Online resource; title from PDF title page (Digitalia, viewed March 3, 2025) 
650 0 |a Technological innovations  |z Latin America. 
650 0 |a Economic development  |z Latin America. 
700 1 |a Ulloa Rubio, Bertha,  |e editor. 
791 2 |a Digitalia (Firm),  |e distributor. 
793 0 |g Digitalia eBook Collection:  |a Editorial Uniagustiniana 
856 4 0 |3 Digitalia Hispánica  |u https://www.digitaliapublishing.com/a/162820/ 
910 |a Premium collection: 2025